000 00810cab a2200265 4500
001 ABS58309
008 090401t1998 xxu||||| |||| 00| 0 eng d
035 _a(Sirsi) u84136
041 _aeng
100 _aViney, I.
245 _aBioremediation of contaminated land and groundwater
260 _c1998
350 _a0
490 _aWastes Management
_vJanuary 1998, 30-31(2)
520 _aLooks at the growing use of biotechnology in land and groundwater remediation projects. Discusses limiting factors and compares in-situ and ex-situ treatment. Case study.
650 _aBIOREMEDIATION
650 _aCONTAMINATED LAND
650 _aDECONTAMINATION
650 _aGROUNDWATER
650 _aREMEDIATION
650 _aWASTE MANAGEMENT
690 _aLAND
942 _n0
948 _c10/02/1998
999 _c52856
_d52856